000 00535nam a2200169Ia 4500
999 _c21945
_d21945
003 OSt
005 20200515090731.0
008 190216s9999||||xx |||||||||||||| ||und||
040 _coclc
082 _a297.211
_bARB/R
100 _aArberry, Arthur J
_92250
245 0 _aRevelation And Reason In Islam /
_cArthur J Arberry
260 _bGeorge Allen & Unwin Ltd,
_c1965.
_aLondon:
300 _a119p
650 0 _aHistory & geography
_vIslamic History
_92271
942 _cBK
_2ddc
_h297.211
_iARB/R
_k297.211
_mARB/R